| 000 | 01105nam0a2200361 4500 | ||
|---|---|---|---|
| 001 | RU\NLR\BIBL_A\010455684 | ||
| 005 | 20250614054226.0 | ||
| 010 |
_a978-5-699-72905-0 _917000 |
||
| 021 |
_aRU _b2014-46764 _92833 |
||
| 021 |
_aRU _b2014-53475 _93226 |
||
| 035 | _a(NILC)RuMoRGB-007510219 | ||
| 035 | _a(NLR Aleph) 010455684 | ||
| 090 |
_a9949844 _c9949844 |
||
| 100 | _a20140829d2014 |||y0rusy50 ca | ||
| 101 | 0 | _arus | |
| 102 | _aRU | ||
| 105 | _ay|||z|||000ay | ||
| 200 | 1 |
_aПод защитой высших сил _e[роман] _fЕвгения Горская |
|
| 210 |
_aМосква _cЭксмо _d2014 |
||
| 215 |
_a315, [1] с. _d17 |
||
| 225 | 1 | _aТатьяна Устинова рекомендует | |
| 320 | _aДр. кн. авт.: с. 2 | ||
| 333 | _a16+ | ||
| 675 | _a821.161.1-31 | ||
| 686 | 2 | _aШ6(2=Р)8-446 | |
| 700 | 1 |
_aГорская _bЕ. _gЕвгения |
|
| 801 | 0 |
_aRU _bRuMoRKP _c20130923 _gRCR |
|
| 801 | 2 |
_aRU _bРГБ _c20140623 _grcr |
|
| 942 | _cBOOK | ||
| 980 | _aNB | ||